[Event "I Open A"]
[Site "Padova ITA"]
[Date "1998.12.14"]
[Round "4"]
[White "Rigo, Gianfrancesco"]
[Black "De Bortoli, Peter"]
[Result "0-1"]
[WhiteElo "2015"]
[BlackElo "2215"]
[PlyCount "114"]
[EventDate "1998.12.11"]

1.Nf3 Nf6 2.g3 Nc6 3.Bg2 e5 4.d3 d5 5.O-O Be7 6.Nbd2 h5 7.h3 Bf5 8.e4 dxe4
9.dxe4 Nxe4 10.Nxe5 Nxe5 11.Nxe4 Qc8 12.Qd5 f6 13.Bf4 c6 14.Nd6+ Bxd6 15.
Qxd6 Ng6 16.Rfe1+ Kf7 17.Rad1 Rd8 18.Qc7+ Qxc7 19.Bxc7 Rxd1 20.Rxd1 Re8 
21.Bf1 Kg8 22.Bc4+ Kh7 23.Kg2 Bxc2 24.Rd2 Be4+ 25.f3 Bd5 26.Bxd5 cxd5 27.
Kf2 Rc8 28.Ba5 b6 29.Bc3 Rd8 30.f4 h4 31.Rd4 hxg3+ 32.Kxg3 Ne7 33.Ra4 a5 
34.Kf3 Nc6 35.f5 d4 36.Bd2 b5 37.Rxa5 Nxa5 38.Bxa5 Ra8 39.Bb6 Rxa2 40.Bxd4
Ra4 41.Ke4 Kh6 42.Kd5 Kg5 43.Bc5 Kxf5 44.Kc6 Rh4 45.Kxb5 Rxh3 46.Kc4 g5 
47.b4 g4 48.b5 g3 49.b6 Rh7 50.Kd5 Kg4 51.Ke6 f5 52.Be7 g2 53.b7 g1=Q 54.
b8=Q Qe3+ 55.Kd5 Qe4+ 56.Kc5 Qxe7+ 57.Kd4 Qa7+ 0-1

[Event "I Open A"]
[Site "Padova ITA"]
[Date "1998.12.14"]
[Round "4"]
[White "Rossi, Carlo"]
[Black "Quinn, Mark Peter"]
[Result "1/2-1/2"]
[WhiteElo "2355"]
[BlackElo "2350"]
[PlyCount "21"]
[EventDate "1998.12.11"]

1.Nf3 Nc6 2.g3 e5 3.d3 d5 4.Bg2 Nf6 5.O-O Be7 6.Nbd2 O-O 7.e4 h6 8.Re1 
dxe4 9.dxe4 Be6 10.c3 a5 11.a4 1/2-1/2

[Event "I Open A"]
[Site "Padova ITA"]
[Date "1998.12.14"]
[Round "4"]
[White "Ruzzier, Dario"]
[Black "Astengo, Marcello"]
[Result "1-0"]
[WhiteElo "2090"]
[BlackElo "2040"]
[PlyCount "107"]
[EventDate "1998.12.11"]

1.d4 d5 2.c4 e6 3.Nc3 c6 4.Nf3 Nd7 5.e4 dxe4 6.Nxe4 Ngf6 7.Bg5 Bb4+ 8.Nfd2
Qa5 9.Bxf6 Nxf6 10.Nxf6+ gxf6 11.a3 Bxd2+ 12.Qxd2 Qxd2+ 13.Kxd2 e5 14.Re1 
Bf5 15.dxe5 O-O-O+ 16.Kc3 Rd7 17.exf6 Rhd8 18.Kb3 Rd2 19.Be2 Be6 20.Kc3 c5
21.g4 Kc7 22.h3 R8d4 23.Rhg1 Bd7 24.Rg3 Ba4 25.b3 Ra2 26.bxa4 Rxa3+ 27.Kb2
Rxa4 28.Bd3 Rf4 29.Re7+ Kb6 30.Re2 h6 31.Kb3 Rb4+ 32.Kc3 Rxf6 33.Bf5 a5 
34.Rd3 a4 35.Rb2 Ka5 36.Rd5 Rxb2 37.Kxb2 Kb4 38.Re5 Kxc4 39.Re4+ Kb5 40.
Bd7+ Kb6 41.f4 a3+ 42.Kxa3 Rd6 43.Be8 f6 44.h4 Ka5 45.g5 fxg5 46.fxg5 hxg5
47.hxg5 Rd3+ 48.Kb2 Rg3 49.Ra4+ Kb6 50.g6 Kc7 51.Re4 Kb6 52.Re7 Ka6 53.g7 
b5 54.Re6+ 1-0

[Event "I Open A"]
[Site "Padova ITA"]
[Date "1998.12.14"]
[Round "4"]
[White "Tomescu, Vlad"]
[Black "Rossato, Armando"]
[Result "0-1"]
[WhiteElo "2425"]
[BlackElo "1923"]
[PlyCount "82"]
[EventDate "1998.12.11"]

1.e4 c5 2.Nf3 Nc6 3.d4 cxd4 4.Nxd4 e5 5.Nb5 d6 6.a4 a6 7.N5c3 Be6 8.Na3 
Rc8 9.Bc4 Nf6 10.Bg5 Be7 11.Bxf6 Bxf6 12.Nd5 O-O 13.c3 Bg5 14.O-O Kh8 15.
Qe2 Ne7 16.Rfd1 Rc5 17.Nxe7 Qxe7 18.Bxe6 Qxe6 19.Qd3 Be7 20.Nc2 f5 21.Ne3 
fxe4 22.Qxe4 Qf7 23.f3 Rc6 24.Nd5 Rfc8 25.Rd3 Rc4 26.Qe1 Rh4 27.Rad1 Rh6 
28.h3 Re6 29.Qe4 Bd8 30.Qb4 Rc6 31.Kh2 h6 32.Re1 Rg6 33.Re4 a5 34.Qb3 Bb6 
35.Qd1 Bf2 36.f4 Bc5 37.Rf3 Rxg2+ 38.Kxg2 Qg6+ 39.Kh2 Qxe4 40.f5 Qh4 41.
Ne7 Qxe7 0-1

[Event "I Open A"]
[Site "Padova ITA"]
[Date "1998.12.15"]
[Round "5"]
[White "Battagin, Mose'"]
[Black "Astengo, Marcello"]
[Result "1/2-1/2"]
[WhiteElo "1897"]
[BlackElo "2040"]
[PlyCount "170"]
[EventDate "1998.12.11"]

1.e4 e6 2.d4 d5 3.Nc3 Bb4 4.e5 Bf8 5.Nf3 c5 6.dxc5 Bxc5 7.Bd3 Nc6 8.O-O 
Bd7 9.a3 f6 10.exf6 Nxf6 11.Bg5 O-O 12.Re1 Qc7 13.Bh4 Rae8 14.Bg3 e5 15.
Nxd5 Nxd5 16.Bc4 Kh8 17.Qxd5 Bb6 18.Rad1 Be6 19.Qe4 Bf5 20.Qe2 Bg4 21.Bd5 
Nd4 22.Rxd4 Bxd4 23.c3 Qa5 24.Qe4 Bf5 25.Qe2 Qxd5 26.cxd4 Bg4 27.Bxe5 Rc8 
28.Qe3 Bxf3 29.gxf3 Qxf3 30.Qxf3 Rxf3 31.Rd1 Kg8 32.Kg2 Rb3 33.d5 Rb5 34.
f4 Kf7 35.Kf3 Rd8 36.Ke4 g6 37.h4 Rb3 38.h5 gxh5 39.Rg1 h4 40.Rg7+ Kf8 41.
Rxh7 h3 42.d6 Ke8 43.Kf5 Rd7 44.Rh6 Kf7 45.Kg4 Rd8 46.Kf5 Rd7 47.Rh8 Rd3 
48.Rh6 Rb3 49.Ke4 Rg3 50.f5 Rb3 51.Rf6+ Ke8 52.Kd5 h2 53.Bxh2 Rxb2 54.Be5 
Rf7 55.d7+ Rxd7+ 56.Kc4 Re2 57.Bd6 Rf7 58.Re6+ Rxe6 59.fxe6 Rf5 60.Kd4 a6 
61.Ke4 Rh5 62.Bb4 Kd8 63.Bd6 Kc8 64.Be5 Kd8 65.Bd6 b6 66.Bb4 Kc7 67.Be7 
Kc6 68.Bf8 a5 69.Be7 b5 70.Bf8 Rh8 71.Bg7 Rg8 72.Bf6 Kd6 73.e7 Kd7 74.Kd5 
Rg6 75.Bh4 Rh6 76.Be1 Rh5+ 77.Ke4 a4 78.Bb4 Rh4+ 79.Kd3 Rh3+ 80.Kd4 Rb3 
81.Kc5 Rxb4 82.Kxb4 Kxe7 83.Kxb5 Kd7 84.Kxa4 Kc7 85.Kb5 Kb7 1/2-1/2

[Event "I Open A"]
[Site "Padova ITA"]
[Date "1998.12.15"]
[Round "5"]
[White "Bianchi, Andrea"]
[Black "Tomescu, Vlad"]
[Result "0-1"]
[WhiteElo "2145"]
[BlackElo "2425"]
[PlyCount "65"]
[EventDate "1998.12.11"]

1.e4 c5 2.Nf3 Nc6 3.d4 cxd4 4.Nxd4 Nf6 5.Nc3 d6 6.Be2 e5 7.Nb3 Be7 8.O-O 
O-O 9.Be3 Be6 10.f4 exf4 11.Rxf4 a6 12.Nd5 Bxd5 13.exd5 Ne5 14.c4 Rc8 15.
Rc1 Nfd7 16.Qd2 Bg5 17.Rf2 Bxe3 18.Qxe3 Re8 19.Qd4 Qb6 20.Qf4 Nf6 21.Rd1 
Nxc4 22.Bxc4 Re4 23.Qf5 Rcxc4 24.Kh1 Re5 25.Qf3 Qe3 26.Qxe3 Rxe3 27.g3 Ne4
28.Rg2 g6 29.Na5 Rc7 30.b3 Rec3 31.Nc4 b5 32.Na3 Rc1 33.Rdg1 0-1

[Event "I Open A"]
[Site "Padova ITA"]
[Date "1998.12.15"]
[Round "5"]
[White "Bracaglia, Carlo"]
[Black "Danieli, Enrico"]
[Result "1-0"]
[WhiteElo "2135"]
[BlackElo "2070"]
[PlyCount "61"]
[EventDate "1998.12.11"]

1.e4 d6 2.d4 Nf6 3.Nc3 g6 4.f4 Bg7 5.Nf3 O-O 6.Bd3 c5 7.dxc5 dxc5 8.O-O 
Nc6 9.e5 Ng4 10.Qe1 Nb4 11.h3 Nxd3 12.cxd3 Nh6 13.Be3 b6 14.d4 cxd4 15.
Nxd4 Nf5 16.Rd1 Qc7 17.Ncb5 Qb7 18.Nxf5 Bxf5 19.Nd4 Be4 20.Rd2 a6 21.Qf2 
Rad8 22.Rfd1 e6 23.Nb3 Rxd2 24.Rxd2 Rb8 25.Rd6 Bc6 26.Nd4 Bd5 27.Nc2 Bxa2 
28.Nb4 Bc4 29.Rxb6 Qc8 30.Nc6 Qe8 31.Rxb8 1-0

[Event "I Open A"]
[Site "Padova ITA"]
[Date "1998.12.15"]
[Round "5"]
[White "Cacco, Christian"]
[Black "Ljubisavljevic, Zivojin Z."]
[Result "1-0"]
[WhiteElo "2190"]
[BlackElo "2290"]
[PlyCount "149"]
[EventDate "1998.12.11"]

1.d4 Nf6 2.Nf3 d5 3.c4 e6 4.Nc3 c6 5.Bg5 h6 6.Bxf6 Qxf6 7.e3 Nd7 8.cxd5 
exd5 9.Be2 Bd6 10.O-O Qe7 11.a3 a5 12.Qc2 O-O 13.e4 dxe4 14.Qxe4 Nf6 15.
Qxe7 Bxe7 16.Bc4 Rd8 17.Rfe1 Kf8 18.Ne5 Rxd4 19.Bxf7 Ng4 20.Nf3 Rd8 21.Bb3
Bf5 22.h3 Nf6 23.Ne2 Bc5 24.Nh4 Ne4 25.Nxf5 Bxf2+ 26.Kh2 Bxe1 27.Rxe1 Nd2 
28.Be6 g6 29.Nxh6 Kg7 30.Ng4 Rd6 31.Nf4 Rf8 32.Kg3 Rd4 33.Bf5 Rxf4 34.Re7+
Kh8 35.Bxg6 Nf1+ 36.Kh4 Nh2 37.Rxb7 Nxg4 38.hxg4 Rf2 39.Be4 R8f7 40.Rb8+ 
Kg7 41.Bxc6 Rc7 42.Bf3 Rcc2 43.b4 Ra2 44.Rb7+ Kf8 45.g5 Rxa3 46.g6 Rd2 47.
b5 Rad3 48.Rf7+ Kg8 49.b6 Rd4+ 50.Kh3 Rb2 51.b7 Rd6 52.Rc7 Rxg6 53.Rc8+ 
Kg7 54.b8=Q Rxb8 55.Rxb8 Ra6 56.Ra8 Rh6+ 57.Kg4 Rg6+ 58.Kf4 Rf6+ 59.Ke4 
Rb6 60.Rxa5 Kh6 61.Kf4 Rf6+ 62.Rf5 Rb6 63.g4 Rb4+ 64.Be4 Rb6 65.Rh5+ Kg7 
66.g5 Rb4 67.Rh6 Ra4 68.Rh7+ Kg8 69.g6 Kf8 70.Rb7 Kg8 71.Kf5 Ra5+ 72.Kf6 
Ra6+ 73.Kg5 Rd6 74.Kh6 Rd8 75.Bd5+ 1-0

[Event "I Open A"]
[Site "Padova ITA"]
[Date "1998.12.15"]
[Round "5"]
[White "Corvi, Marco"]
[Black "Popa, Florin"]
[Result "1/2-1/2"]
[WhiteElo "2305"]
[BlackElo "2215"]
[PlyCount "125"]
[EventDate "1998.12.11"]

1.c4 e6 2.Nf3 d5 3.d4 Nf6 4.Nc3 Be7 5.Bg5 Nbd7 6.e3 O-O 7.Qc2 b6 8.cxd5 
exd5 9.Bd3 c5 10.Ne5 Bb7 11.O-O-O c4 12.Bf5 g6 13.Bh3 Kg7 14.f4 a6 15.g4 
b5 16.Bxf6+ Bxf6 17.g5 Bxe5 18.dxe5 Nc5 19.Bg2 Qa5 20.Bxd5 Bxd5 21.Rxd5 
Nd3+ 22.Kb1 Nb4 23.Qc1 Nxd5 24.Nxd5 Rfd8 25.e4 Rac8 26.Qc3 Qxc3 27.bxc3 h6
28.gxh6+ Kxh6 29.Kc2 Kg7 30.h4 Rh8 31.f5 Rc5 32.f6+ Kf8 33.Kd2 Rh5 34.Ke3 
Rc8 35.e6 fxe6 36.Ne7 Rd8 37.Nxg6+ Kf7 38.Nf4 Re5 39.h5 Kxf6 40.h6 Rh8 41.
h7 Rg5 42.Rh6+ Kf7 43.Nxe6 Rg6 44.Rxg6 Kxg6 45.Nc7 Rxh7 46.Nxa6 Rd7 47.Nb4
Kf6 48.Kf4 Ke6 49.Nc6 Rf7+ 50.Ke3 Kd6 51.Nd4 Kc5 52.e5 Kd5 53.e6 Rh7 54.a3
Rh8 55.Kf4 Rf8+ 56.Ke3 Re8 57.Kf4 Rxe6 58.Nxe6 Kxe6 59.Ke4 Kd6 60.Kd4 Kc6 
61.a4 bxa4 62.Kxc4 a3 63.Kb3 1/2-1/2

[Event "I Open A"]
[Site "Padova ITA"]
[Date "1998.12.15"]
[Round "5"]
[White "Genocchio, Daniele"]
[Black "Ruzzier, Dario"]
[Result "1-0"]
[WhiteElo "2195"]
[BlackElo "2090"]
[PlyCount "67"]
[EventDate "1998.12.11"]

1.Nf3 d5 2.c4 e6 3.b3 c5 4.g3 Nc6 5.Bg2 Nf6 6.O-O Be7 7.Nc3 O-O 8.e3 a6 9.
Bb2 Re8 10.Qe2 Rb8 11.d4 dxc4 12.bxc4 b5 13.cxb5 axb5 14.Ne5 Nxe5 15.dxe5 
Nd5 16.Nxd5 exd5 17.Rad1 Bb7 18.f4 Qa5 19.Ba1 Rbd8 20.f5 Bf8 21.Qg4 Qc7 
22.e6 fxe6 23.fxe6 d4 24.Rf7 Re7 25.Bxb7 Qxb7 26.Rdf1 Qd5 27.Qf4 Ree8 28.
exd4 cxd4 29.Ra7 Qxe6 30.Bxd4 Re7 31.Bc5 Rf7 32.Qxf7+ Qxf7 33.Raxf7 Bxc5+ 
34.Kh1 1-0

[Event "I Open A"]
[Site "Padova ITA"]
[Date "1998.12.15"]
[Round "5"]
[White "Giacomini, Massimo"]
[Black "Rossi, Carlo"]
[Result "0-1"]
[WhiteElo "1914"]
[BlackElo "2355"]
[PlyCount "72"]
[EventDate "1998.12.11"]

1.d4 d6 2.c4 g6 3.Nf3 Bg7 4.g3 f5 5.Bg2 Nf6 6.Nc3 O-O 7.Qb3 Kh8 8.Bf4 Nc6 
9.c5 Ne4 10.cxd6 cxd6 11.Rd1 Qa5 12.O-O Nxc3 13.bxc3 e5 14.Bc1 e4 15.Ng5 
Qc7 16.f3 Na5 17.Qd5 h6 18.Nh3 Bd7 19.Nf4 Rf6 20.a3 e3 21.Qa2 Ba4 22.Rde1 
Bb3 23.Qb2 Re8 24.d5 Qb6 25.Ne6 Rfxe6 26.dxe6 Nc4 27.Qa1 Nd2 28.Bb2 Bc4 
29.g4 Rxe6 30.f4 Qb3 31.Bf3 d5 32.Rc1 Nxf3+ 33.exf3 Bxf1 34.Kxf1 e2+ 35.
Kg2 e1=Q 36.Rxe1 Rxe1 0-1

[Event "I Open A"]
[Site "Padova ITA"]
[Date "1998.12.15"]
[Round "5"]
[White "Khenkin, Igor"]
[Black "Timoscenko, Gennadij A."]
[Result "0-1"]
[WhiteElo "2600"]
[BlackElo "2470"]
[PlyCount "78"]
[EventDate "1998.12.11"]

1.d4 Nf6 2.c4 e6 3.Nc3 Bb4 4.e3 O-O 5.Bd3 d5 6.a3 Bxc3+ 7.bxc3 dxc4 8.Bxc4
c5 9.Nf3 Qc7 10.Qd3 Nc6 11.e4 cxd4 12.cxd4 Na5 13.Ba2 Nxe4 14.O-O Nf6 15.
Bg5 Nd5 16.Rac1 Nc6 17.Bb1 f5 18.Rfe1 Bd7 19.Ba2 Qd6 20.Ne5 Rac8 21.Nc4 
Qc7 22.Ne3 Qd6 23.Nc4 Qc7 24.Ne3 Qd6 25.Nxd5 exd5 26.Rc5 Rce8 27.Rb1 Be6 
28.Rxb7 f4 29.Qc3 Rc8 30.g3 f3 31.h3 Qxg3+ 32.fxg3 f2+ 33.Kh2 f1=Q 34.Bf4 
Qf2+ 35.Kh1 Qxa2 36.Rxc6 Bf5 37.Kg1 Be4 38.Kf1 Bd3+ 39.Kg1 Qe2 0-1

[Event "I Open A"]
[Site "Padova ITA"]
[Date "1998.12.15"]
[Round "5"]
[White "Manca, Federico"]
[Black "De Bortoli, Peter"]
[Result "1-0"]
[WhiteElo "2380"]
[BlackElo "2215"]
[PlyCount "37"]
[EventDate "1998.12.11"]

1.e4 c5 2.c3 d5 3.exd5 Qxd5 4.d4 Nf6 5.Nf3 Bg4 6.Be2 e6 7.h3 Bh5 8.O-O Nc6
9.Be3 cxd4 10.cxd4 Be7 11.Nc3 Qd6 12.Qb3 O-O 13.Rfd1 Nb4 14.Rac1 Nbd5 15.
Bd2 a6 16.Na4 b5 17.Nc5 Nf4 18.Bf1 Qd5 19.Bxf4 1-0

[Event "I Open A"]
[Site "Padova ITA"]
[Date "1998.12.15"]
[Round "5"]
[White "Quinn, Mark Peter"]
[Black "Caruso, Augusto"]
[Result "1-0"]
[WhiteElo "2350"]
[BlackElo "2285"]
[PlyCount "68"]
[EventDate "1998.12.11"]

1.Nf3 Nf6 2.c4 e6 3.g3 d5 4.Bg2 Be7 5.O-O O-O 6.b3 c5 7.e3 Nc6 8.Bb2 d4 9.
exd4 cxd4 10.d3 e5 11.Re1 Nd7 12.Na3 Qc7 13.Nc2 f6 14.Nh4 f5 15.Bd5+ Kh8 
16.Qh5 Bxh4 17.Qxh4 Nf6 18.Bg2 a5 19.Ba3 Rg8 20.Qg5 Bd7 21.Qd2 Rge8 22.f4 
Rad8 23.fxe5 Nxe5 24.Qf4 Bc6 25.Bxc6 bxc6 26.Bc5 Nh5 27.Qxf5 g6 28.Qf1 Qg7
29.Re4 Re6 30.Qe2 Rde8 31.Bxd4 c5 32.Bc3 Nf3+ 33.Qxf3 Qxc3 34.Rxe6 Rxe6 
1-0

[Event "I Open A"]
[Site "Padova ITA"]
[Date "1998.12.15"]
[Round "5"]
[White "Rossato, Armando"]
[Black "Godena, Michele"]
[Result "0-1"]
[WhiteElo "1923"]
[BlackElo "2510"]
[PlyCount "62"]
[EventDate "1998.12.11"]

1.d4 d6 2.Nf3 Bg4 3.c4 Nd7 4.e3 e5 5.Be2 Ngf6 6.Nc3 Be7 7.b3 c6 8.Bb2 O-O 
9.Qc2 Re8 10.Rd1 Qc7 11.O-O a5 12.Rd2 Bf8 13.dxe5 dxe5 14.Rfd1 Nc5 15.Ng5 
Bxe2 16.Rxe2 e4 17.f3 exf3 18.gxf3 h6 19.Nge4 Ncxe4 20.Nxe4 Nxe4 21.fxe4 
Rad8 22.Rf1 Bd6 23.Ref2 Rd7 24.Rg2 Be5 25.Ba3 Qd8 26.Kh1 Qh4 27.Bb2 Bxb2 
28.Qxb2 f6 29.Qa3 Re5 30.b4 Qxe4 31.bxa5 Rd2 0-1

[Event "I Open A"]
[Site "Padova ITA"]
[Date "1998.12.17"]
[Round "6"]
[White "Astengo, Marcello"]
[Black "Danieli, Enrico"]
[Result "0-1"]
[WhiteElo "2040"]
[BlackElo "2070"]
[PlyCount "73"]
[EventDate "1998.12.11"]

1.d4 Nf6 2.c4 e6 3.Nc3 b6 4.e4 Bb4 5.Bd3 Bb7 6.Qc2 h6 7.Nf3 Bxc3+ 8.bxc3 
d6 9.O-O Nbd7 10.Be3 Qe7 11.Nd2 O-O 12.Rae1 e5 13.Kh1 Rae8 14.f4 Kh7 15.c5
Kg8 16.Qa4 exd4 17.cxd4 Bxe4 18.Nxe4 Nxe4 19.Bxe4 dxc5 20.Bc6 cxd4 21.Bf2 
Qd6 22.Bxd7 Rd8 23.Bc6 Qxf4 24.Bg3 Qd2 25.Rd1 Qc3 26.Bxc7 Rc8 27.Rc1 Qe3 
28.Bf4 Qe6 29.Qb3 Rxc6 30.Qxe6 Rxe6 31.Rfd1 Rfe8 32.Bg3 Re2 33.a4 Rd8 34.
Rc7 d3 35.Rxa7 d2 36.h3 Rc8 37.Rd7 0-1

[Event "I Open A"]
[Site "Padova ITA"]
[Date "1998.12.17"]
[Round "6"]
[White "Battagin, Mose'"]
[Black "Rigo, Gianfrancesco"]
[Result "0-1"]
[WhiteElo "1897"]
[BlackElo "2015"]
[PlyCount "54"]
[EventDate "1998.12.11"]

1.e4 g6 2.d4 Bg7 3.Be3 c6 4.c3 d5 5.e5 f6 6.h4 fxe5 7.dxe5 Nh6 8.h5 Bf5 9.
Bxh6 Bxh6 10.hxg6 hxg6 11.Nh3 Qb6 12.b3 Nd7 13.Qd4 Bc1 14.Qxb6 axb6 15.a4 
Nc5 16.Na3 Nxb3 17.Nb5 Nxa1 18.Nc7+ Kd7 19.Nxa8 Rxa8 20.Be2 Nc2+ 21.Kd1 
Rxa4 22.g4 Bh6 23.gxf5 Ra1+ 24.Kxc2 Rxh1 25.fxg6 Ke6 26.f4 Rh2 27.Kd3 
Rxh3+ 0-1

[Event "I Open A"]
[Site "Padova ITA"]
[Date "1998.12.17"]
[Round "6"]
[White "Cacco, Christian"]
[Black "Khenkin, Igor"]
[Result "1-0"]
[WhiteElo "2190"]
[BlackElo "2600"]
[PlyCount "47"]
[EventDate "1998.12.11"]

1.d4 Nf6 2.Nf3 e6 3.Bg5 c5 4.e3 h6 5.Bh4 cxd4 6.exd4 Qb6 7.Nbd2 Qxb2 8.Bc4
Nc6 9.Rb1 Qc3 10.Rb3 Qa5 11.Bxf6 gxf6 12.d5 Nb4 13.dxe6 dxe6 14.O-O f5 15.
Qe2 a6 16.Nd4 Be7 17.Re1 Qc5 18.Bxe6 fxe6 19.Nxe6 Bxe6 20.Qxe6 Rd8 21.Nc4 
Nc6 22.Rxb7 Rd4 23.Rc7 Rxc4 24.Rxc6 1-0

[Event "I Open A"]
[Site "Padova ITA"]
[Date "1998.12.17"]
[Round "6"]
[White "Caruso, Augusto"]
[Black "Tomescu, Vlad"]
[Result "0-1"]
[WhiteElo "2285"]
[BlackElo "2425"]
[PlyCount "79"]
[EventDate "1998.12.11"]

1.e4 e5 2.Nf3 Nc6 3.Bc4 Nf6 4.d3 Be7 5.Nc3 d6 6.h3 Na5 7.Bb3 O-O 8.O-O c6 
9.Qe2 h6 10.Nh4 Nxb3 11.axb3 Nxe4 12.dxe4 Bxh4 13.Be3 a6 14.Rad1 Be6 15.f4
exf4 16.Bxf4 d5 17.exd5 cxd5 18.Qd2 Rc8 19.Rf3 Rc6 20.Rd3 Qf6 21.Rd4 Qg6 
22.Kh1 Bf6 23.Rd3 d4 24.Ne2 Rfc8 25.Nxd4 Bxd4 26.Rg3 Qxg3 27.Bxg3 Bxb2 28.
c4 Bf6 29.Rf1 Be7 30.Be5 b5 31.cxb5 axb5 32.Qe3 Bf8 33.Rd1 b4 34.Qg3 Bf5 
35.Qf3 Bg6 36.Qf4 Re6 37.Rd2 Bc5 38.Qg3 Rce8 39.Bd4 Bd6 40.Qf2 0-1

[Event "I Open A"]
[Site "Padova ITA"]
[Date "1998.12.17"]
[Round "6"]
[White "De Bortoli, Peter"]
[Black "Corvi, Marco"]
[Result "1-0"]
[WhiteElo "2215"]
[BlackElo "2305"]
[PlyCount "87"]
[EventDate "1998.12.11"]

1.e4 c5 2.Nf3 e6 3.d4 cxd4 4.Nxd4 a6 5.Be3 Nf6 6.Nd2 Qc7 7.Bd3 Nc6 8.Nxc6 
dxc6 9.f4 e5 10.f5 b5 11.a4 Bb7 12.Qe2 h5 13.O-O Ng4 14.Kh1 Bd6 15.Bg1 Qe7
16.Nb3 Nf6 17.c3 h4 18.Na5 Nh5 19.Bf2 Bc5 20.Qf3 Ng3+ 21.Bxg3 hxg3 22.Qxg3
O-O-O 23.axb5 cxb5 24.Nxb7 Kxb7 25.b4 Bb6 26.c4 Qh4 27.Qxh4 Rxh4 28.Rad1 
Bd4 29.cxb5 axb5 30.g3 Rh6 31.Bxb5 Rb6 32.Bc4 Rxb4 33.Bxf7 Kc7 34.Rb1 Rdb8
35.Rfc1+ Kd6 36.Rxb4 Rxb4 37.Rc2 Be3 38.Bd5 Bd4 39.Rc6+ Ke7 40.Rc7+ Kd6 
41.Rxg7 Rb2 42.h4 Rf2 43.h5 Be3 44.h6 1-0

[Event "I Open A"]
[Site "Padova ITA"]
[Date "1998.12.17"]
[Round "6"]
[White "Godena, Michele"]
[Black "Efimov, Igor"]
[Result "1-0"]
[WhiteElo "2510"]
[BlackElo "2530"]
[PlyCount "82"]
[EventDate "1998.12.11"]

1.e4 c5 2.c3 Nf6 3.e5 Nd5 4.Nf3 e6 5.d4 cxd4 6.cxd4 d6 7.Bc4 Nb6 8.Bd3 Bd7
9.Nc3 Bc6 10.O-O Be7 11.Qe2 Bxf3 12.Qxf3 Nc6 13.Bb5 Rc8 14.Qg3 g6 15.Bh6 
d5 16.Rac1 Bf8 17.Bxc6+ bxc6 18.Bxf8 Kxf8 19.Ne2 Kg7 20.f4 f5 21.Rc2 Qd7 
22.Nc1 a5 23.Nd3 Qa7 24.Rfc1 Nc4 25.Qf2 a4 26.b3 axb3 27.axb3 Na5 28.Nc5 
Rhe8 29.Ra2 Qb6 30.Rca1 Ra8 31.Qe1 Nxb3 32.Rxa8 Rxa8 33.Nxe6+ Kf7 34.Ng5+ 
Ke7 35.Rxa8 Nxd4 36.Kh1 Ne2 37.Qa1 d4 38.Qa7+ Qxa7 39.Rxa7+ Ke8 40.Ra8+ 
Ke7 41.Ra7+ Ke8 1-0

[Event "I Open A"]
[Site "Padova ITA"]
[Date "1998.12.17"]
[Round "6"]
[White "Ljubisavljevic, Zivojin Z."]
[Black "Rossato, Armando"]
[Result "1-0"]
[WhiteElo "2290"]
[BlackElo "1923"]
[PlyCount "149"]
[EventDate "1998.12.11"]

1.e4 c5 2.Nc3 Nc6 3.f4 g6 4.Nf3 Bg7 5.Bb5 Nd4 6.Nxd4 cxd4 7.Ne2 a6 8.Bc4 
e6 9.c3 d5 10.exd5 b5 11.Bb3 d3 12.Ng3 exd5 13.O-O Nf6 14.Qf3 O-O 15.Qxd3 
Re8 16.h3 h5 17.Qf3 h4 18.Nh1 Ra7 19.d3 Rae7 20.Bd2 d4 21.Rae1 Bb7 22.Qf2 
Nd5 23.Rxe7 Rxe7 24.Qxh4 dxc3 25.bxc3 Nxc3 26.Kh2 Qd7 27.Bxc3 Bxc3 28.Ng3 
Be1 29.f5 Re2 30.Rg1 Bxg3+ 31.Qxg3 Qxf5 32.Qc7 Qf3 33.Qg3 Qxg3+ 34.Kxg3 
Re3+ 35.Kf4 Rxd3 36.h4 Rd2 37.g3 Kg7 38.Rc1 Bd5 39.Ke3 Bxb3 40.Kxd2 Bxa2 
41.Ra1 Bc4 42.Rxa6 Kh6 43.Ke3 Kg7 44.Rb6 Kh6 45.g4 Kg7 46.g5 Bf1 47.Kd4 
Be2 48.Ke5 Bc4 49.Kd6 Kf8 50.Rb8+ Kg7 51.Ke7 Be2 52.Rb7 Bf1 53.Rb6 Bc4 54.
Rb7 Be2 55.Kd8 Kf8 56.Re7 Bc4 57.Re4 Be6 58.Rf4 Kg7 59.Ke7 Bd5 60.Rf6 b4 
61.Rd6 Be6 62.Rb6 b3 63.Rb4 Bd5 64.Kd6 Be6 65.Ke5 Kh7 66.Kf6 Bd5 67.Rd4 
Be6 68.h5 Bf5 69.Rb4 Bc2 70.h6 Kg8 71.Rb8+ Kh7 72.Kxf7 Bd1 73.Kf6 Bc2 74.
Rb7+ Kh8 75.Ke5 1-0

[Event "I Open A"]
[Site "Padova ITA"]
[Date "1998.12.17"]
[Round "6"]
[White "Medancic, Rikard"]
[Black "Genocchio, Daniele"]
[Result "1-0"]
[WhiteElo "2330"]
[BlackElo "2195"]
[PlyCount "69"]
[EventDate "1998.12.11"]

1.d4 f5 2.Bg5 h6 3.Bh4 g5 4.e3 Nf6 5.Bg3 d6 6.Nd2 c6 7.h4 g4 8.h5 Be6 9.
Bc4 Bxc4 10.Nxc4 Rg8 11.Ne2 Na6 12.Qd3 b5 13.Nd2 Nb4 14.Qb3 a5 15.a4 Qd7 
16.Nf4 e5 17.dxe5 dxe5 18.Nd3 Qd5 19.Nxb4 Qxb3 20.Nxb3 Bxb4+ 21.c3 Bd6 22.
axb5 cxb5 23.Rxa5 Rxa5 24.Nxa5 f4 25.Bh4 Nxh5 26.Nb7 Bb8 27.Bd8 Ng7 28.
exf4 Ne6 29.Ba5 Nxf4 30.Rxh6 Nd3+ 31.Ke2 Nxb2 32.Bb4 Nc4 33.Rh7 Rg6 34.
Re7+ Kf8 35.Rd7+ 1-0

[Event "I Open A"]
[Site "Padova ITA"]
[Date "1998.12.17"]
[Round "6"]
[White "Mrdja, Milan"]
[Black "Ortega, Lexy"]
[Result "0-1"]
[WhiteElo "2430"]
[BlackElo "2490"]
[PlyCount "130"]
[EventDate "1998.12.11"]

1.e4 c5 2.Nf3 e6 3.d4 cxd4 4.Nxd4 a6 5.Bd3 Nf6 6.O-O d6 7.c4 Be7 8.Nc3 b6 
9.b3 Bb7 10.Bb2 Nc6 11.Nxc6 Bxc6 12.Qe2 O-O 13.Rfe1 Re8 14.Rad1 Qc7 15.Qf3
Nd7 16.Qh3 Ne5 17.Bf1 Ng6 18.Qg3 Red8 19.a4 Bb7 20.Ba3 Rac8 21.Rd2 Bh4 22.
Qe3 Bf6 23.Red1 Be7 24.g3 h6 25.f4 Nf8 26.h4 Rd7 27.Bg2 d5 28.Bxe7 Rxe7 
29.Rd4 Qc5 30.Qd3 dxc4 31.Qxc4 Qa5 32.b4 Rxc4 33.bxa5 Rxc3 34.axb6 a5 35.
Rd8 Rxg3 36.Kf2 Rc3 37.Rb8 Rc8 38.Rxc8 Bxc8 39.Rd8 Bb7 40.Rb8 f5 41.exf5 
Bxg2 42.Kxg2 exf5 43.Kf3 Re4 44.Ra8 Rb4 45.Rxa5 Rb3+ 46.Ke2 Rxb6 47.Rxf5 
Ne6 48.Kd3 g6 49.Re5 Nxf4+ 50.Kc4 Ne6 51.a5 Ra6 52.Rb5 Kf7 53.Rb7+ Kf6 54.
Kb5 Rd6 55.Rh7 h5 56.a6 Nd4+ 57.Ka5 Ke5 58.Rc7 Nc6+ 59.Kb5 Kd5 60.Rg7 Nd4+
61.Ka5 Kc5 62.Rc7+ Rc6 63.a7 Rxc7 64.a8=Q Nc6+ 65.Ka6 Ra7+ 0-1

[Event "I Open A"]
[Site "Padova ITA"]
[Date "1998.12.17"]
[Round "6"]
[White "Popa, Florin"]
[Black "Giacomini, Massimo"]
[Result "1-0"]
[WhiteElo "2215"]
[BlackElo "1914"]
[PlyCount "113"]
[EventDate "1998.12.11"]

1.e4 c5 2.c3 e5 3.Nf3 Nc6 4.Bc4 Qc7 5.O-O Be7 6.Re1 Nf6 7.d3 O-O 8.Nbd2 d6
9.Nf1 Be6 10.Ne3 a6 11.Ng5 Qd7 12.Nxe6 fxe6 13.Qb3 Nd8 14.a4 Kh8 15.a5 Ne8
16.Qd1 Nc7 17.Bb3 Nc6 18.Nc4 Qe8 19.Qg4 Rf6 20.f4 Rg6 21.Qe2 exf4 22.Bxf4 
e5 23.Bd2 Rd8 24.Rf1 Rf6 25.Rxf6 Bxf6 26.Ne3 Ne7 27.Rf1 Qb5 28.Bc4 Qxa5 
29.Qh5 d5 30.exd5 Qb6 31.Ng4 Ng6 32.Nxf6 gxf6 33.Qf3 Ne8 34.Bh6 Qd6 35.Qe4
b5 36.Ba2 Ng7 37.c4 Rf8 38.Bxg7+ Kxg7 39.Qf5 Ne7 40.Qg4+ Kh8 41.Rf3 f5 42.
Qh5 Qg6 43.Qxg6 hxg6 44.Re3 e4 45.dxe4 fxe4 46.Rxe4 Nf5 47.g3 Nd4 48.b4 
Nf3+ 49.Kg2 Nd2 50.Rh4+ Kg7 51.bxc5 b4 52.Rd4 Nf3 53.Rd1 Ng5 54.c6 Ne4 55.
c7 a5 56.d6 Rf2+ 57.Kg1 1-0

[Event "I Open A"]
[Site "Padova ITA"]
[Date "1998.12.17"]
[Round "6"]
[White "Ruzzier, Dario"]
[Black "Bianchi, Andrea"]
[Result "1-0"]
[WhiteElo "2090"]
[BlackElo "2145"]
[PlyCount "68"]
[EventDate "1998.12.11"]

1.d4 d5 2.c4 e6 3.Nc3 Be7 4.Nf3 Nf6 5.Bg5 h6 6.Bh4 O-O 7.e3 b6 8.cxd5 Nxd5
9.Bxe7 Qxe7 10.Nxd5 exd5 11.Bd3 c5 12.O-O Be6 13.dxc5 bxc5 14.e4 d4 15.Nd2
Nc6 16.f4 f5 17.a3 Rab8 18.Qc2 Na5 19.exf5 Bd5 20.Rae1 Qd6 21.Re5 Kh8 22.
Be4 Bxe4 23.Nxe4 Qb6 24.Qxc5 Qxc5 25.Rxc5 Nb3 26.Rd5 Rfe8 27.Re1 Rbc8 28.
Re5 Red8 29.f6 d3 30.f7 Rf8 31.Re7 d2 32.Nxd2 Nxd2 33.Re8 Kh7 34.Rxc8 Rxc8
1-0

[Event "I Open A"]
[Site "Padova ITA"]
[Date "1998.12.17"]
[Round "6"]
[White "Timoscenko, Gennadij A."]
[Black "Quinn, Mark Peter"]
[Result "1-0"]
[WhiteElo "2470"]
[BlackElo "2350"]
[PlyCount "89"]
[EventDate "1998.12.11"]

1.d4 e6 2.c4 b6 3.a3 Bb7 4.Nc3 f5 5.Nf3 Nf6 6.g3 a5 7.Bg2 Bd6 8.O-O O-O 9.
b3 Na6 10.e3 Qe8 11.Bb2 Ne4 12.Ne1 Nxc3 13.Bxc3 Bxg2 14.Kxg2 Qe7 15.Bb2 c5
16.f4 cxd4 17.exd4 Rfc8 18.Qd3 Rc6 19.Nf3 Rac8 20.Nd2 Nb8 21.Rfe1 R6c7 22.
c5 bxc5 23.d5 Qf7 24.Nc4 Bf8 25.dxe6 dxe6 26.Nxa5 Rd7 27.Qe2 Rd5 28.Nc4 
Re8 29.Rad1 Red8 30.Rc1 Rd3 31.Rc3 Rxc3 32.Bxc3 Qb7+ 33.Kh3 Re8 34.Na5 Qa8
35.Qb5 Na6 36.Qb6 Qc8 37.Be5 Kf7 38.Rd1 Nb8 39.Nc4 Kg6 40.Bc3 Kh6 41.Ne5 
Qa6 42.Qxa6 Nxa6 43.Rd7 Rb8 44.Kh4 Rxb3 45.g4 1-0